[Event "Challenge"]
[Site "http://www.queenalice.com/game.php?id=1441267"]
[Date "2016.9.14"]
[Round "-"]
[White "loinburger"]
[Black "Aspayne"]
[Result "1-0"]
[WhiteElo "1838"]
[BlackElo "2105"]

1. d4 Nf6 2. Nf3 b6 3. g3 Bb7 4. Bg2 e6 5. O-O Be7 6. Bf4 O-O 7. Nbd2 c5 8. c3
Nd5 9. Bxb8 Rxb8 10. e4 Nf6 11. Re1 d5 12. e5 Nd7 13. Qa4 a6 14. b4 b5 15. Qb3
cxb4 16. cxb4 Nb6 17. a3 Nc4 18. h4 Qb6 19. Qd3 a5 20. Rab1 Ba6 21. Ng5 Bxg5 22.
hxg5 Rbc8 23. Red1 Rc7 24. f4 Rfc8 25. Nf3 axb4 26. axb4 Qb8 27. Nd2 Nxd2 28.
Qxd2 Rc2 29. Qe1 Qc7 30. Qe3 Qc4 31. Bf1 Qc6 32. g4 Rc3 33. Bd3 g6 34. Qf2 Qb6
35. Rb2 Ra3 36. Bf1 Rcc3 37. Kg2 Qc7 38. Rdd2 Ra4 39. Ra2 Qb6 40. Rdb2 Bb7 41.
Qd2 Qc7 42. Bxb5 Rxa2 43. Rxa2 1-0

[Event "Let's Play Chess!"]
[Site "http://www.queenalice.com/game.php?id=1441401"]
[Date "2016.9.17"]
[Round "-"]
[White "chessplayer123"]
[Black "loinburger"]
[Result "1-0"]
[WhiteElo "1686"]
[BlackElo "1861"]

1. d4 d5 2. Nf3 Nf6 3. e3 Bf5 4. Nc3 e6 5. Bd3 Bb4 6. Bd2 Bxd3 7. cxd3 Nc6 8.
Ne5 Ne7 9. Qa4+ c6 10. Qxb4 Qc7 11. f4 O-O 12. O-O a5 13. Qb3 b5 14. Qd1 Nd7 15.
Ne2 f5 16. Ng3 Nxe5 17. fxe5 Qa7 18. Be1 b4 19. b3 a4 20. Bxb4 1-0

[Event "Let's Play Chess!"]
[Site "http://www.queenalice.com/game.php?id=1441402"]
[Date "2016.9.17"]
[Round "-"]
[White "loinburger"]
[Black "chessplayer123"]
[Result "1-0"]
[WhiteElo "1851"]
[BlackElo "1696"]

1. d4 Nf6 2. Nf3 d5 3. Nc3 e6 4. g3 Bd6 5. Bg2 c6 6. O-O b5 7. a3 a5 8. Bg5 h6
9. Bxf6 gxf6 10. e4 Ba6 11. Re1 dxe4 12. Nxe4 Be7 13. c3 f5 14. Ned2 Nd7 15. b4
a4 16. Ne5 Nxe5 17. Rxe5 Qc7 18. Qh5 Bf6 19. Rxe6+ 1-0

[Event "Jump up your butt"]
[Site "http://www.queenalice.com/game.php?id=1442000"]
[Date "2016.9.19"]
[Round "-"]
[White "AntoniusBlock"]
[Black "loinburger"]
[Result "0-1"]
[WhiteElo "1268"]
[BlackElo "1865"]

1. d4 d5 2. Nc3 Nf6 3. g3 Nc6 4. Nf3 Bg4 5. Bg2 e6 6. h3 Bh5 7. g4 Bg6 8. Ne5
Nxe5 9. dxe5 Nd7 10. Bf4 Bb4 11. h4 h6 12. Qd2 c6 13. O-O-O Qa5 14. a3 Bxc3 15.
bxc3 Qxa3+ 16. Kb1 Nb6 17. Be3 Nc4 18. Qd4 Qb2# 0-1

[Event "Let's Play Chess!"]
[Site "http://www.queenalice.com/game.php?id=1472612"]
[Date "2017.4.9"]
[Round "-"]
[White "krystian"]
[Black "loinburger"]
[Result "0-1"]
[WhiteElo "1553"]
[BlackElo "1837"]

1. e4 e5 2. Nf3 Nc6 3. Bb5 a6 4. Ba4 b5 5. Bb3 Bc5 6. c3 Qf6 7. d3 Nge7 8. Bg5
Qd6 9. O-O O-O 10. Nbd2 Qxd3 11. Bxe7 Nxe7 12. Nxe5 Qd6 13. Ndf3 Qxd1 14. Raxd1
d6 15. Nd3 Bb6 16. Bd5 Nxd5 17. exd5 Bg4 18. Rfe1 f6 19. b3 Bh5 20. c4 Rac8 21.
Rc1 c5 22. Nh4 Rfe8 23. Nf5 Bc7 24. a3 Bg6 25. g4 h5 26. Ne7+ Rxe7 27. Nf4 Rxe1+
28. Rxe1 Bc2 29. b4 hxg4 30. Re7 bxc4 31. bxc5 dxc5 32. Ne6 Bd6 33. Rxg7+ Kh8
34. Ra7 Rb8 35. Rxa6 Rb1+ 36. Kg2 Be4+ 37. f3 Bxf3+ 38. Kf2 Rb2+ 39. Kg1 Bxh2+
40. Kf1 Bg3 0-1

[Event "Let's Play Chess!"]
[Site "http://www.queenalice.com/game.php?id=1474166"]
[Date "2017.4.20"]
[Round "-"]
[White "tiltonblue"]
[Black "loinburger"]
[Result "1-0"]
[WhiteElo "1100"]
[BlackElo "1837"]

1. e4 c5 2. Bc4 e6 3. Nc3 Nc6 4. d3 a6 5. a4 Nf6 6. h3 g6 7. Nf3 Bg7 8. Bg5 d6
9. Qd2 O-O 10. Nh2 h5 11. Bh6 Kh7 12. Bxg7 Kxg7 13. Qg5 Nd4 14. Kd2 Nh7 15. Qf4
Qg5 16. Qxg5 Nxg5 17. h4 Nh7 18. Nd1 Bd7 19. c3 Nc6 20. Ne3 Ne5 21. f3 b5 22.
axb5 axb5 23. Bb3 f5 24. exf5 exf5 25. Nd5 Nf6 26. f4 Neg4 27. Nf3 Nxd5 28. Bxd5
Rxa1 29. Rxa1 Re8 30. Ra7 Nf6 31. Bc6 Rd8 32. Bxb5 1-0

[Event "Let's Play Chess!"]
[Site "http://www.queenalice.com/game.php?id=1475500"]
[Date "2017.4.28"]
[Round "-"]
[White "igorjava"]
[Black "loinburger"]
[Result "1-0"]
[WhiteElo "1958"]
[BlackElo "1797"]

1. e4 c5 2. Nf3 e6 3. d4 cxd4 4. Nxd4 Nc6 5. Nf3 Nf6 6. e5 Nd5 7. c4 Nc7 8. a3
b6 9. b4 a5 10. b5 Ne7 11. Be3 Rb8 12. Nc3 g6 13. Bg5 Bg7 14. Be2 O-O 15. Qd2
Qe8 16. Bf6 Nf5 17. g4 Ne7 18. Qe3 Qd8 19. Rd1 Na8 20. g5 Qe8 21. Nd4 Nf5 22.
Nxf5 exf5 23. Nd5 Qe6 24. Qh3 d6 25. Nf4 Qe8 26. Rxd6 Nc7 27. Rd8 Qxd8 28. Bxd8
Rxd8 29. Nd3 Ne6 30. Qg3 Bb7 31. O-O Rdc8 32. Nb2 Nc5 33. f4 Be4 34. Bf3 Bf8 35.
Bxe4 Nxe4 36. Qe1 Bxa3 37. Qc1 Bxb2 38. Qxb2 Rxc4 39. h4 Rb4 40. Qc2 Rxb5 41.
Qc7 Rf8 42. Qc6 Rb4 43. e6 fxe6 44. Qxe6+ Kh8 45. Rc1 Nc5 46. Qe7 Kg8 47. Qd6
Ne4 48. Qd5+ Kh8 49. Qe5+ Kg8 50. Rc7 Rf7 51. Qe8+ Rf8 52. Qe6+ 1-0

[Event "Let's Play Chess!"]
[Site "http://www.queenalice.com/game.php?id=1475501"]
[Date "2017.4.28"]
[Round "-"]
[White "loinburger"]
[Black "igorjava"]
[Result "1-0"]
[WhiteElo "1770"]
[BlackElo "1982"]

1. d4 e6 2. c4 c5 3. d5 d6 4. e4 e5 5. Bd3 h6 6. Nf3 Bg4 7. h3 Bh5 8. g4 Bg6 9.
Nc3 Nf6 10. Nh4 Bh7 11. O-O a6 12. f4 Nfd7 13. Ng2 Be7 14. f5 f6 15. a3 O-O 16.
h4 Kh8 17. h5 Bg8 18. Nh4 Bf7 19. Be3 Rg8 20. Qd2 Kh7 21. Ne2 Nf8 22. b4 b6 23.
Rab1 Qc7 24. Ng6 Bd8 25. Kh2 Be8 26. Rb2 Nbd7 27. Rfb1 Rb8 28. b5 a5 29. a4 Bf7
30. Rg1 Rb7 31. Rg3 Ra7 32. Ng1 Nb8 33. Nh3 Rb7 34. Qc1 Nbd7 35. Rbg2 Nb8 36.
Qg1 Qd7 37. Kh1 Be8 38. Kh2 Nxg6 39. hxg6+ Kh8 40. Qc1 Rc7 41. Kg1 Qe7 42. Nf2
Qf8 43. Rh2 Bxg6 44. fxg6 Qe8 45. Bxh6 Rf8 46. Bxg7+ 1-0

[Event "Let's Play Chess!"]
[Site "http://www.queenalice.com/game.php?id=1475594"]
[Date "2017.4.28"]
[Round "-"]
[White "loinburger"]
[Black "Bobby_F"]
[Result "0-1"]
[WhiteElo "1842"]
[BlackElo "2736"]

1. d4 d5 2. Nf3 Nf6 3. e3 c5 4. c3 e6 5. Bd3 b6 6. O-O Bb7 7. Nbd2 Nbd7 8. Re1
Ne4 9. Qc2 f5 10. Ne5 Nxe5 11. dxe5 Nxd2 12. Bb5+ Kf7 13. Qxd2 Be7 14. f4 h5 15.
g3 d4 16. h4 Bxh4 17. gxh4 Qxh4 18. Kf1 Qh3+ 19. Ke2 Qf3+ 20. Kd3 Be4+ 21. Kc4
Bd5+ 22. Kd3 c4+ 23. Bxc4 Be4+ 0-1

[Event "Let's Play Chess!"]
[Site "http://www.queenalice.com/game.php?id=1475670"]
[Date "2017.4.28"]
[Round "-"]
[White "loinburger"]
[Black "LouisLeRouge"]
[Result "0-1"]
[WhiteElo "1840"]
[BlackElo "1959"]

1. d4 Nf6 2. c4 c5 3. d5 e6 4. Nc3 exd5 5. Nxd5 Nxd5 6. Qxd5 Nc6 7. Bf4 d6 8.
O-O-O Be6 9. Qe4 Be7 10. Nf3 O-O 11. e3 Qd7 12. Bd3 f5 0-1

[Event "Let's Play Chess!"]
[Site "http://www.queenalice.com/game.php?id=1475671"]
[Date "2017.4.28"]
[Round "-"]
[White "LouisLeRouge"]
[Black "loinburger"]
[Result "1-0"]
[WhiteElo "1970"]
[BlackElo "1829"]

1. e4 c5 2. Nf3 e6 3. g3 Nc6 4. Bg2 d5 5. exd5 exd5 6. d4 Nf6 7. O-O Bg4 8. Re1+
Kd7 9. dxc5 Bxc5 10. Nc3 d4 11. h3 Bxf3 12. Bxf3 Kc8 13. Ne4 Nxe4 14. Bxe4 Qf6
15. Qg4+ 1-0

[Event "Let's Play 49"]
[Site "http://www.queenalice.com/game.php?id=1476270"]
[Date "2017.5.2"]
[Round "-"]
[White "digger"]
[Black "loinburger"]
[Result "1-0"]
[WhiteElo "1578"]
[BlackElo "1795"]

1. c4 Nf6 2. d4 g6 3. Nc3 Bg7 4. e3 O-O 5. b3 d6 6. b4 a6 7. Bb2 Nc6 8. a3 e6 9.
c5 d5 10. Bd3 Bd7 11. Nf3 a5 12. b5 Ne7 13. O-O b6 14. c6 Bxc6 15. bxc6 Nxc6 16.
Re1 Ne7 17. Ne5 Nd7 18. Nf3 c5 19. Bb5 c4 20. Qa4 Nb8 21. e4 Qd6 22. e5 Qc7 23.
Bc1 Nbc6 24. Rb1 Na7 25. Bg5 Rab8 26. h3 h5 27. h4 Kh7 28. Bxe7 Qxe7 29. Ne2 Rb7
30. Ng5+ Kg8 31. Ba6 Rbb8 32. Nc3 Bh6 33. Nf3 f5 34. exf6 Qxf6 35. Qd1 Nc6 36.
Bb5 Ne7 37. Bd7 Nf5 38. Bxe6+ Kg7 39. Bxd5 Nxh4 40. Re2 Nxf3+ 41. gxf3 Rfd8 42.
Re6 Qf4 43. Re7+ Kh8 44. Be4 Qd6 45. Nd5 Qxa3 46. Qc2 Rxd5 47. Bxd5 Qxe7 48.
Bxc4 Kh7 49. Bd3 Qf6 50. Kf1 Kg7 51. Qc7+ 1-0

[Event "Let's Play 50"]
[Site "http://www.queenalice.com/game.php?id=1476271"]
[Date "2017.5.2"]
[Round "-"]
[White "loinburger"]
[Black "digger"]
[Result "1-0"]
[WhiteElo "1794"]
[BlackElo "1603"]

1. d4 d5 2. Nf3 e6 3. Nc3 Bb4 4. Bd2 Qe7 5. a3 Bd6 6. g3 c6 7. Bg2 Nd7 8. O-O
Ngf6 9. Re1 O-O 10. e4 b6 11. e5 Bxe5 12. Nxe5 a6 13. Nxc6 Qe8 14. Ne5 Nxe5 15.
Rxe5 Nd7 16. Re1 Bb7 17. Qg4 g6 18. Bh6 Nf6 19. Qf4 Nh5 20. Qe5 f6 21. Qc7 Rf7
22. Qxb6 f5 23. Qxe6 Qxe6 24. Rxe6 Rc8 25. Rae1 Ng7 26. Re7 Rcf8 27. Bxd5 Bxd5
28. Nxd5 a5 29. Bxg7 Rxg7 30. Re8 Rxe8 31. Rxe8+ Kf7 32. Re7+ Kf8 33. Rxg7 Kxg7
34. f4 Kf7 35. c4 Ke6 36. b4 axb4 37. axb4 Kd6 38. Kf2 Kc6 39. Kf3 Kd6 40. g4
Kc6 41. gxf5 gxf5 42. Kg3 h6 43. Kh4 Kd6 44. Kh5 Ke6 45. Kxh6 Kd6 46. Kg6 Ke6
47. h4 Kd6 48. Kxf5 Kd7 49. Kg6 Ke6 50. h5 Kd6 51. h6 Ke6 52. h7 Kd7 53. h8=Q
Kc6 54. Qf6+ Kb7 55. Qb6+ Kc8 56. Qc7# 1-0

[Event "Let's Play Chess!"]
[Site "http://www.queenalice.com/game.php?id=1478907"]
[Date "2017.5.19"]
[Round "-"]
[White "Rider"]
[Black "loinburger"]
[Result "1-0"]
[WhiteElo "1654"]
[BlackElo "1787"]

1. d4 d5 2. e3 Nf6 3. c4 Bf5 4. c5 c6 5. Nc3 g6 6. f3 Bg7 7. Qb3 Qc8 8. Nge2
Nbd7 9. g3 b5 10. cxb6 axb6 11. h3 h5 12. Nf4 O-O 13. g4 hxg4 14. hxg4 Nxg4 15.
fxg4 Bxg4 16. Qb4 1-0

[Event "Let's Play Chess!"]
[Site "http://www.queenalice.com/game.php?id=1479190"]
[Date "2017.5.22"]
[Round "-"]
[White "Useless"]
[Black "loinburger"]
[Result "0-1"]
[WhiteElo "1736"]
[BlackElo "1783"]

1. d4 d5 2. Nc3 Nf6 3. Bg5 Bf5 4. Bxf6 exf6 5. e3 Bb4 6. g4 Be6 7. Qd3 O-O 8.
O-O-O Bxg4 9. f3 Be6 10. Na4 Nd7 11. e4 c6 12. h4 Qa5 13. Qb3 dxe4 14. c4 exf3
15. Nxf3 b5 16. Nc5 Nxc5 17. dxc5 Bxc5 18. h5 h6 19. Qc2 Qxa2 20. Qe4 Bxc4 21.
Bh3 Bd5 22. Qf5 Be3+ 23. Kc2 Rad8 24. Rd3 Qc4+ 0-1

[Event "Let's Play Chess!"]
[Site "http://www.queenalice.com/game.php?id=1479191"]
[Date "2017.5.22"]
[Round "-"]
[White "loinburger"]
[Black "Useless"]
[Result "0-1"]
[WhiteElo "1802"]
[BlackElo "1717"]

1. e4 e5 2. Nf3 Nc6 3. Bb5 Nf6 4. d3 d5 5. Bxc6+ bxc6 6. O-O Bg4 7. h3 Bxh3 8.
gxh3 Nh5 9. Nxe5 Qf6 10. Qxh5 g6 11. Nxg6 hxg6 12. Qg4 Rh4 13. Qg2 Qe6 14. Bf4
Rxf4 15. Nc3 Bd6 16. exd5 cxd5 17. Nxd5 Rf5 18. Nxc7+ Bxc7 19. Qxa8+ Kd7 20.
Qxa7 Rg5+ 0-1

[Event "AUTO-OPEN-3805"]
[Site "http://www.queenalice.com/game.php?id=1479359"]
[Date "2017.5.23"]
[Round "1"]
[White "Rafale2000"]
[Black "loinburger"]
[Result "1-0"]
[WhiteElo "1904"]
[BlackElo "1766"]

1. d4 d5 2. Nf3 Nf6 3. Bf4 e6 4. e3 c5 5. c3 Nc6 6. Bd3 c4 7. Bc2 Bd6 8. Bxd6
Qxd6 9. Nbd2 O-O 10. e4 Qe7 11. e5 Nd7 12. b3 cxb3 13. axb3 a6 14. O-O b5 15. c4
Bb7 16. Qe2 Nb4 17. Nb1 Nxc2 18. Qxc2 Rfc8 19. c5 Bc6 20. b4 f6 21. Re1 fxe5 22.
Nxe5 Nxe5 23. Rxe5 Qf6 24. Qe2 Re8 25. Nd2 Kf7 26. Qh5+ Kg8 27. Nf3 Qf7 28. Qh3
h6 29. Nd2 Kh8 30. Nb3 Rf8 31. Qg3 Bd7 32. Na5 Rac8 33. Rae1 Qf4 34. Qxf4 Rxf4
35. Rd1 g5 36. f3 Kg7 37. Kf2 Kf6 38. Re3 h5 39. h3 g4 40. hxg4 hxg4 41. Kg3 Kf5
42. Re5+ 1-0

[Event "AUTO-OPEN-3805"]
[Site "http://www.queenalice.com/game.php?id=1479360"]
[Date "2017.5.23"]
[Round "1"]
[White "loinburger"]
[Black "Rafale2000"]
[Result "1/2-1/2"]
[WhiteElo "1756"]
[BlackElo "1914"]

1. d4 Nf6 2. c4 g6 3. Nc3 Bg7 4. e4 d6 5. Nf3 O-O 6. Be2 Nbd7 7. Bg5 c5 8. O-O
b6 9. b3 cxd4 10. Nxd4 Bb7 11. f3 Rc8 12. Qd2 a6 13. Bh6 Re8 14. Bxg7 Kxg7 15.
Nc2 Nc5 16. Rfd1 Qc7 17. Ne3 Nfd7 18. Qd4+ f6 19. Qd2 Red8 20. Ncd5 Bxd5 21.
Nxd5 Qb7 22. Nxe7 Rb8 23. Qxd6 Ne5 24. Qxd8 Rxd8 25. Rxd8 Qxe7 26. Rad1 Ne6 27.
R8d5 Qa3 28. R1d2 b5 29. cxb5 axb5 30. Bxb5 Qc1+ 31. Bf1 Nf4 32. Rd8 Ned3 33.
R8xd3 Nxd3 34. Rxd3 Qc2 35. a4 g5 36. h3 Kg6 37. Kh2 Qf2 38. Rd1 Qc2 39. Rd3 h5
40. Kg3 h4+ 41. Kh2 Qf2 42. Rd1 Qc2 43. Rd3 f5 44. Rd6+ Kf7 45. Bc4+ Kg7 46.
exf5 Qxf5 47. Rd5 Qf4+ 48. Kh1 Kf6 49. Kg1 Ke7 50. Kf2 1/2-1/2

[Event "AUTO-OPEN-3805"]
[Site "http://www.queenalice.com/game.php?id=1479387"]
[Date "2017.5.23"]
[Round "1"]
[White "mitsho"]
[Black "loinburger"]
[Result "1-0"]
[WhiteElo "1761"]
[BlackElo "1778"]

1. d4 d5 2. c4 e6 3. Nf3 c5 4. e3 Nf6 5. b3 Nbd7 6. Bb2 b6 7. Nbd2 Bb7 8. Be2
Be7 9. O-O O-O 10. Ne5 Qc7 11. Ndf3 Bd6 12. Qc2 Ne4 13. Nd2 Nxd2 14. Qxd2 Nxe5
15. dxe5 Bxe5 16. f4 Bxb2 17. Qxb2 dxc4 18. Bxc4 Rfd8 19. f5 exf5 20. Rxf5 Rf8
21. Raf1 Qe7 22. Qf2 Rae8 23. Rxf7 1-0

[Event "AUTO-OPEN-3805"]
[Site "http://www.queenalice.com/game.php?id=1479388"]
[Date "2017.5.23"]
[Round "1"]
[White "loinburger"]
[Black "mitsho"]
[Result "1-0"]
[WhiteElo "1762"]
[BlackElo "1760"]

1. d4 d5 2. Nc3 Nf6 3. Nf3 Nc6 4. Bf4 e6 5. a3 Bd6 6. Bxd6 cxd6 7. e3 O-O 8. Be2
Ne4 9. Qd3 b6 10. Nxe4 dxe4 11. Qxe4 Bb7 12. Qd3 e5 13. O-O-O f6 14. h3 d5 15.
Qc3 exd4 16. Nxd4 Ne5 17. Ne6 1-0

[Event "AUTO-OPEN-3805"]
[Site "http://www.queenalice.com/game.php?id=1479407"]
[Date "2017.5.23"]
[Round "1"]
[White "loinburger"]
[Black "cucalegal2"]
[Result "0-1"]
[WhiteElo "1761"]
[BlackElo "1670"]

1. d4 d5 2. Nf3 f6 3. Bf4 g5 4. Bg3 Nc6 5. e3 a6 6. Be2 b5 7. O-O h5 8. h3 h4 9.
Bh2 g4 10. hxg4 h3 11. g3 Bxg4 12. Nbd2 Qd6 13. a3 Na5 14. b4 Nc4 15. Nxc4 bxc4
16. c3 e6 17. Nh4 Bxe2 18. Qxe2 Ne7 19. Qg4 e5 20. Qxh3 e4 21. Qg4 Qd7 22. Qxd7+
Kxd7 23. Kg2 f5 24. f3 exf3+ 25. Rxf3 Rh5 26. Raf1 Ke6 27. Kh1 Bg7 28. Rf4 Bh6
29. R4f3 Rg8 30. Ng2 Rg6 31. Rf4 Kf6 32. Rh4 Rxh4 33. gxh4 c6 34. Be5+ Kf7 35.
Nf4 Bxf4 36. Bxf4 Ke6 37. Kh2 Rg4 38. Kh3 Ng6 39. Bg5 Nf8 40. a4 Nh7 41. Bf4 Nf6
42. a5 Ne4 43. Rc1 Kf6 44. Rc2 Kg6 45. Bg5 Kh5 46. Be7 Rg3+ 47. Kh2 Rxe3 48. Kg2
Nxc3 49. Rf2 Rxe7 0-1

[Event "AUTO-OPEN-3805"]
[Site "http://www.queenalice.com/game.php?id=1479408"]
[Date "2017.5.23"]
[Round "1"]
[White "cucalegal2"]
[Black "loinburger"]
[Result "0-1"]
[WhiteElo "1690"]
[BlackElo "1741"]

1. Nf3 d5 2. d4 Nf6 3. Nc3 Nc6 4. Bf4 Bf5 5. Nb5 Rc8 6. Ne5 a6 7. Nxc6 bxc6 8.
Na7 Ra8 9. Nxc6 Qd7 10. Ne5 Qa4 11. c3 Qxd1+ 12. Rxd1 e6 13. Nc6 Bd6 14. Bxd6
cxd6 15. f3 h5 16. h4 O-O 17. e3 Kh8 18. Na5 Rab8 19. b4 Rb6 20. g3 Rc8 21. Rc1
e5 22. dxe5 dxe5 23. Bh3 Bxh3 24. Rxh3 Rxb4 25. Kd1 Ra4 26. Nb7 Rxa2 27. Nd6 Rc7
28. Rh1 Kg8 29. Re1 g6 30. Re2 Rxe2 31. Kxe2 Kf8 32. c4 Ke7 33. c5 a5 34. Nb5
Rc6 35. Na7 Rc7 36. Nb5 Rc6 37. Kd3 Nd7 38. Na7 Rxc5 39. Rxc5 Nxc5+ 40. Kc2 a4
41. Nb5 Ke6 42. Kb2 f6 43. Ka3 g5 44. Kb4 Nd3+ 45. Kxa4 gxh4 46. gxh4 Ne1 47. f4
Nc2 48. fxe5 fxe5 49. e4 dxe4 50. Nc3 e3 51. Ne2 Kf5 52. Kb5 Nd4+ 53. Nxd4+ exd4
54. Kc4 e2 55. Kxd4 e1=Q 56. Kd3 Qxh4 57. Ke2 Qg3 58. Kd2 h4 59. Ke2 h3 60. Kd2
h2 61. Kc2 h1=Q 0-1